Polarita v teorii mezinárodních vztahů

Pojmové vymedzenie polarity. Rozlíšenie polarity a polarizácie. Vývoj konceptu polarity. Polarita a stabilita. Behavioralizmus a polarita. Typy polarity.

Gespeichert in:
Bibliographische Detailangaben
1. Verfasser: Kratochvil, Petr
Format: Buchkapitel
Sprache:Tschechisch
Schlagworte:
Tags: Tag hinzufügen
Keine Tags, Fügen Sie das erste Tag hinzu!

MARC

LEADER 00000naa a2200000 4500
001 r047218
005 20230927112700.8
041 0 |a cze 
044 |a CZ 
245 1 0 |a Polarita v teorii mezinárodních vztahů  |c Petr Kratochvil 
520 |a Pojmové vymedzenie polarity. Rozlíšenie polarity a polarizácie. Vývoj konceptu polarity. Polarita a stabilita. Behavioralizmus a polarita. Typy polarity. 
610 2 0 |a vzťahy hospodárske medzinárodné 
610 2 0 |a politika medzinárodná 
610 2 0 |a koncentrácia 
610 2 0 |a stabilita hospodárstva 
100 1 |a Kratochvil, Petr